A independencia do Brasil: Modos de lembrar e esquecer. La independencia de Brasil: Formas de recordar y olvidar
Guardat en:
| Autor principal: | |
|---|---|
| Format: | Llibre |
| Idioma: | portuguès espanyol |
| Publicat: |
Madrid
Fundación MAPFRE TAVERA
2005
Madrid Doce Calles 2005 |
| Col·lecció: | Iberoamérica: 200 años de convivencia independiente, 11
|
| Matèries: | |
| Etiquetes: |
Afegir etiqueta
Sense etiquetes, Sigues el primer a etiquetar aquest registre!
|
MARC
| LEADER | 00000nam a2200000 a 4500 | ||
|---|---|---|---|
| 001 | UCH4926 | ||
| 003 | CL-VaPUC | ||
| 008 | 090910e20050000sp |||||||||||||||||por|d | ||
| 020 | |a 8484790665 | ||
| 041 | 0 | 7 | |a por |2 CL-VaPUC |
| 041 | 0 | 7 | |a spa |2 CL-VaPUC |
| 082 | 0 | 4 | |a 981.033 |b SCH |2 21 |
| 100 | 0 | |a Schiavinatto, Iara Lis |e author |9 540967 | |
| 245 | 1 | 2 | |a A independencia do Brasil: Modos de lembrar e esquecer. La independencia de Brasil: Formas de recordar y olvidar |
| 300 | |a 268 p | ||
| 942 | |c BK | ||
| 945 | |d 20090910 00:00:00 |a dcastane | ||
| 260 | |a Madrid |b Fundación MAPFRE TAVERA |c 2005 | ||
| 260 | |a Madrid |b Doce Calles |c 2005 | ||
| 650 | 7 | |a HISTORIA DEL BRASIL |2 CL-VaPUC |9 534650 | |
| 650 | 7 | |a INDEPENDENCIA DEL BRASIL |2 CL-VaPUC |9 540968 | |
| 651 | 0 | |a Brasil |9 267393 | |
| 583 | |a last modification |c 20171011 01:42:26 |k Rodrigo Vera | ||
| 490 | 0 | |a Iberoamérica: 200 años de convivencia independiente, 11 | |
| 999 | |c 336157 |d 336155 | ||
| 952 | |0 0 |1 0 |4 0 |6 981_033000000000000_SCH_2005_2005 |7 0 |8 X |9 427134 |a FDOBUD |b FDOBUD |d 2019-11-22 |i 4597893 |o 981.033 SCH 2005 2005 |p 4597893 |r 2019-11-22 |w 2019-11-22 |y BK_X |k BUD | ||